| 000 | 00524nam a2200205Ia 4500 | ||
|---|---|---|---|
| 005 | 20241216011002.0 | ||
| 008 | 190212s9999||||xx |||||||||||||| ||und|| | ||
| 082 |
_a612.11822 _bB23 |
||
| 100 | _aBARRETT Y OTRO | ||
| 245 | 0 | _aINMUNOLOGIA MEDICA | |
| 250 | _a0 | ||
| 260 |
_aMEXICO _bINTERAMERICANA _c1993 |
||
| 300 |
_a346 pag _c23 cm |
||
| 341 | _h105.56 | ||
| 490 |
_v0 _a0 |
||
| 541 |
_aC _bLIBRERIA SAN CRISTOBAL _d06-Nov-94 _oSoles |
||
| 650 | _aCIENCIAS APLICADAS | ||
| 856 | _zCiencias Aplicadas | ||
| 942 | _cLIBRO | ||
| 999 |
_c29471 _d29471 |
||